000
00321nam a2200121Ia 4500
008
200619s9999 xx 000 0 und d
100
_a
Nagabhushana D. S.
245
0
_a
J. P. Kaipidi
264
_a
Sagar
_b
Mudrana Offset Printers
300
_a
24
942
_c
IR
999
_c
120219
_d
120219